|
|
|
|
| LEADER |
01654nam a2200397 a 4500 |
| 001 |
28407 |
| 003 |
BD-DhAAL |
| 005 |
20150211164706.0 |
| 008 |
040402r20042004ilu b 001 0 eng |
| 010 |
|
|
|a 2004047979
|
| 020 |
|
|
|a 0226011003 (cloth : alk. paper)
|
| 020 |
|
|
|a 0226011011 (pbk. : alk. paper)
|
| 020 |
|
|
|a 8178242230
|
| 040 |
|
|
|a DLC
|c DLC
|d DLC
|d BD-DhAAL
|
| 041 |
|
|
|a eng
|
| 043 |
|
|
|a a-ii---
|
| 050 |
0 |
0 |
|a BP63.I4
|b A64 2004
|
| 082 |
0 |
0 |
|a 297.2/72/0954
|2 22
|
| 100 |
1 |
|
|a Alam, Muzaffar,
|d 1947-
|9 5591
|
| 245 |
1 |
4 |
|a The languages of political Islam :
|b India, 1200-1800 / Muzaffar Alam.
|
| 260 |
|
|
|a Chicago :
|b University of Chicago Press,
|c 2004.
|
| 300 |
|
|
|a xiii, 244 p. ;
|c 22 cm.
|
| 500 |
|
|
|a Originally published: Delhi : Permanent Black, 2004.
|
| 504 |
|
|
|a Includes bibliographical references (p. [196]-223) and index.
|
| 541 |
|
|
|e 28407
|
| 650 |
|
0 |
|a Islam
|z India
|x History.
|9 5592
|
| 650 |
|
0 |
|a Islam and politics
|z India
|x History.
|9 5593
|
| 650 |
|
0 |
|a Persian language
|x Political aspects
|z India.
|9 5594
|
| 650 |
|
0 |
|a Sufism
|z India
|x History.
|9 5595
|
| 650 |
|
0 |
|a Islamic law
|z India
|x History.
|9 5596
|
| 651 |
|
0 |
|a India
|x Politics and government
|y 997-1765.
|9 5597
|
| 651 |
|
0 |
|a India
|x Politics and government
|y 18th century.
|9 5598
|
| 942 |
|
|
|2 ddc
|c BK
|
| 999 |
|
|
|c 32917
|d 32917
|
| 952 |
|
|
|0 0
|1 0
|2 ddc
|4 0
|6 297_272095400000000_ALA
|7 0
|9 43821
|a BRACUL
|b BRACUL
|c GEN
|d 2014-09-14
|l 2
|m 22
|o 297.2720954 ALA
|p 3010028407
|r 2025-04-13
|s 2024-11-24
|t 1
|w 2014-09-14
|y BK
|
| 952 |
|
|
|0 0
|1 0
|2 ddc
|4 0
|6 297_272095400000000_ALA
|7 0
|9 43822
|a BRACUL
|b BRACUL
|c GEN
|d 2014-09-14
|l 2
|m 4
|o 297.2720954 ALA
|p 3010028408
|r 2024-05-05
|s 2024-04-01
|t 2
|w 2014-09-14
|y BK
|